[Event "DVM U20 2023"]
[Site "Magdeburg GER"]
[Date "2023.12.27"]
[Round "1"]
[White "Suvorov, Alexander"]
[Black "Sohr, Jim"]
[Result "1-0"]
[Termination "normal"]
[Board "2.1"]
[WhiteTitle "FM"]
[WhiteElo "2334"]
[BlackElo "1979"]
[WhiteClock "00:13:35"]
[BlackClock "00:00:39"]
[WhiteTeam "SG Porz"]
[BlackTeam "SV Königsjäger Süd-West"]
[PlyCount "59"]
[WhiteFideId "12977063"]
[BlackFideId "16245105"]
[EventCountry "GER"]
[EventRounds "7"]
[EventType "team-swiss"]
[EventDate "2023.12.26"]

1. d4 {[%clk 01:30:57]} {[%emt 00:00:03]} d5 {[%clk 01:30:51]} {[%emt
00:00:10]} 2. Nf3 {[%clk 01:31:15]} {[%emt 00:00:11]} Nf6 {[%clk 01:31:13]}
{[%emt 00:00:09]} 3. c3 {[%clk 01:31:40]} {[%emt 00:00:06]} e6 {[%clk
01:29:12]} {[%emt 00:02:30]} 4. Bf4 {[%clk 01:31:45]} {[%emt 00:00:24]} Bd6
{[%clk 01:28:29]} {[%emt 00:01:13]} 5. e3 {[%clk 01:31:58]} {[%emt 00:00:17]}
O-O {[%clk 01:26:24]} {[%emt 00:02:35]} 6. Nbd2 {[%clk 01:31:27]} {[%emt
00:01:01]} b6 {[%clk 01:19:36]} {[%emt 00:07:18]} 7. h4 {[%clk 01:29:41]}
{[%emt 00:02:16]} Bxf4 {[%clk 01:07:07]} {[%emt 00:13:00]} 8. exf4 {[%clk
01:30:02]} {[%emt 00:00:07]} Ba6 {[%clk 00:59:43]} {[%emt 00:07:55]} 9. Bxa6
{[%clk 01:28:06]} {[%emt 00:02:27]} Nxa6 {[%clk 00:59:26]} {[%emt 00:00:47]}
10. h5 {[%clk 01:26:16]} {[%emt 00:02:19]} c5 {[%clk 00:53:17]} {[%emt
00:06:40]} 11. Ne5 {[%clk 01:16:13]} {[%emt 00:10:32]} Nc7 {[%clk 00:51:07]}
{[%emt 00:02:40]} 12. Qe2 {[%clk 00:52:00]} {[%emt 00:24:43]} Qd6 {[%clk
00:32:04]} {[%emt 00:19:34]} 13. a3 {[%clk 00:48:25]} {[%emt 00:04:05]} Rfd8
{[%clk 00:25:56]} {[%emt 00:06:37]} 14. g3 {[%clk 00:42:39]} {[%emt 00:06:16]}
cxd4 {[%clk 00:23:03]} {[%emt 00:03:23]} 15. cxd4 {[%clk 00:41:44]} {[%emt
00:01:23]} Ne4 {[%clk 00:20:56]} {[%emt 00:02:39]} 16. Rc1 {[%clk 00:34:35]}
{[%emt 00:07:39]} Nxd2 {[%clk 00:15:06]} {[%emt 00:06:20]} 17. Kxd2 {[%clk
00:30:18]} {[%emt 00:04:47]} Rdc8 {[%clk 00:11:33]} {[%emt 00:04:04]} 18. Rc6
{[%clk 00:28:01]} {[%emt 00:02:45]} Qe7 {[%clk 00:11:11]} {[%emt 00:00:52]} 19.
Rhc1 {[%clk 00:27:23]} {[%emt 00:01:09]} f6 {[%clk 00:08:08]} {[%emt 00:03:33]}
20. Ng4 {[%clk 00:21:19]} {[%emt 00:06:33]} Qd7 {[%clk 00:02:57]} {[%emt
00:05:41]} 21. h6 {[%clk 00:17:56]} {[%emt 00:03:54]} Ne8 {[%clk 00:02:30]}
{[%emt 00:00:57]} 22. Qxe6+ {[%clk 00:16:57]} {[%emt 00:01:29]} Qxe6 {[%clk
00:02:49]} {[%emt 00:00:12]} 23. Rxe6 {[%clk 00:17:23]} {[%emt 00:00:04]} Rxc1
{[%clk 00:01:51]} {[%emt 00:01:27]} 24. Kxc1 {[%clk 00:17:41]} {[%emt
00:00:13]} Kf7 {[%clk 00:01:04]} {[%emt 00:01:18]} 25. hxg7 {[%clk 00:17:09]}
{[%emt 00:01:03]} Kxg7 {[%clk 00:01:07]} {[%emt 00:00:26]} 26. Re7+ {[%clk
00:15:31]} {[%emt 00:02:08]} Kg6 {[%clk 00:01:00]} {[%emt 00:00:37]} 27. Ne3
{[%clk 00:15:07]} {[%emt 00:00:54]} Ng7 {[%clk 00:00:37]} {[%emt 00:00:53]} 28.
Nxd5 {[%clk 00:13:32]} {[%emt 00:02:06]} Rd8 {[%clk 00:00:42]} {[%emt
00:00:24]} 29. Ne3 {[%clk 00:13:16]} {[%emt 00:00:45]} Rxd4 {[%clk 00:00:39]}
{[%emt 00:00:34]} 30. Rxg7+ {[%clk 00:13:35]} {[%emt 00:00:11]} 1-0

[Event "DVM U20 2023"]
[Site "Magdeburg GER"]
[Date "2023.12.27"]
[Round "1"]
[White "Rose, Daniel"]
[Black "Suvorov, Luca"]
[Result "0-1"]
[Termination "normal"]
[Board "2.2"]
[BlackTitle "FM"]
[WhiteElo "1866"]
[BlackElo "2333"]
[WhiteClock "00:02:04"]
[BlackClock "00:00:37"]
[WhiteTeam "SV Königsjäger Süd-West"]
[BlackTeam "SG Porz"]
[PlyCount "68"]
[WhiteFideId "16242963"]
[BlackFideId "12977071"]
[EventCountry "GER"]
[EventRounds "7"]
[EventType "team-swiss"]
[EventDate "2023.12.26"]

1. d4 {[%clk 01:30:57]} {[%emt 00:00:03]} Nf6 {[%clk 01:30:36]} {[%emt
00:00:23]} 2. c4 {[%clk 01:31:19]} {[%emt 00:00:09]} e6 {[%clk 01:30:49]}
{[%emt 00:00:16]} 3. Nc3 {[%clk 01:31:45]} {[%emt 00:00:06]} Bb4 {[%clk
01:30:51]} {[%emt 00:00:27]} 4. Bd2 {[%clk 01:31:13]} {[%emt 00:01:03]} O-O
{[%clk 01:27:26]} {[%emt 00:03:53]} 5. Nf3 {[%clk 01:31:40]} {[%emt 00:00:05]}
b6 {[%clk 01:25:53]} {[%emt 00:02:01]} 6. g3 {[%clk 01:29:14]} {[%emt
00:02:57]} d5 {[%clk 01:18:43]} {[%emt 00:07:40]} 7. Bg2 {[%clk 01:28:21]}
{[%emt 00:01:25]} Bb7 {[%clk 01:01:37]} {[%emt 00:17:35]} 8. cxd5 {[%clk
01:23:00]} {[%emt 00:05:51]} exd5 {[%clk 01:00:17]} {[%emt 00:01:50]} 9. O-O
{[%clk 01:23:23]} {[%emt 00:00:07]} Nbd7 {[%clk 00:54:45]} {[%emt 00:06:01]}
10. a3 {[%clk 01:17:05]} {[%emt 00:06:50]} Bxc3 {[%clk 00:50:50]} {[%emt
00:04:24]} 11. Bxc3 {[%clk 01:17:14]} {[%emt 00:00:21]} Ne4 {[%clk 00:49:09]}
{[%emt 00:02:12]} 12. Rc1 {[%clk 01:15:36]} {[%emt 00:02:07]} Re8 {[%clk
00:46:14]} {[%emt 00:03:24]} 13. Nd2 {[%clk 01:13:02]} {[%emt 00:03:06]} Ndf6
{[%clk 00:39:37]} {[%emt 00:07:08]} 14. Nxe4 {[%clk 01:04:45]} {[%emt
00:08:47]} dxe4 {[%clk 00:36:34]} {[%emt 00:03:32]} 15. Qc2 {[%clk 01:01:44]}
{[%emt 00:03:31]} Rc8 {[%clk 00:19:19]} {[%emt 00:17:44]} 16. Rfd1 {[%clk
00:59:24]} {[%emt 00:02:51]} Bd5 {[%clk 00:08:24]} {[%emt 00:11:25]} 17. e3
{[%clk 00:50:57]} {[%emt 00:08:58]} Qd7 {[%clk 00:07:41]} {[%emt 00:01:12]} 18.
Bf1 {[%clk 00:38:17]} {[%emt 00:13:10]} c6 {[%clk 00:06:45]} {[%emt 00:01:27]}
19. Ba6 {[%clk 00:34:35]} {[%emt 00:04:12]} Rcd8 {[%clk 00:06:56]} {[%emt
00:00:19]} 20. Bf1 {[%clk 00:23:13]} {[%emt 00:11:53]} h5 {[%clk 00:06:49]}
{[%emt 00:00:37]} 21. b4 {[%clk 00:20:42]} {[%emt 00:03:00]} Qe6 {[%clk
00:05:15]} {[%emt 00:02:05]} 22. Qe2 {[%clk 00:17:26]} {[%emt 00:03:46]} b5
{[%clk 00:05:22]} {[%emt 00:00:23]} 23. Ba1 {[%clk 00:16:00]} {[%emt 00:01:55]}
h4 {[%clk 00:04:21]} {[%emt 00:01:31]} 24. Rd2 {[%clk 00:15:01]} {[%emt
00:01:29]} g6 {[%clk 00:03:27]} {[%emt 00:01:24]} 25. h3 {[%clk 00:09:58]}
{[%emt 00:05:34]} Kg7 {[%clk 00:01:47]} {[%emt 00:02:10]} 26. Rdc2 {[%clk
00:09:29]} {[%emt 00:00:59]} Rd6 {[%clk 00:01:29]} {[%emt 00:00:48]} 27. Qe1
{[%clk 00:06:33]} {[%emt 00:03:24]} Rh8 {[%clk 00:01:35]} {[%emt 00:00:25]} 28.
Bc3 {[%clk 00:04:55]} {[%emt 00:02:07]} Nh7 {[%clk 00:01:32]} {[%emt 00:00:34]}
29. g4 {[%clk 00:01:39]} {[%emt 00:03:46]} Ng5 {[%clk 00:01:42]} {[%emt
00:00:20]} 30. Bg2 {[%clk 00:01:50]} {[%emt 00:00:18]} f5 {[%clk 00:01:06]}
{[%emt 00:01:07]} 31. Qe2 {[%clk 00:01:22]} {[%emt 00:00:58]} fxg4 {[%clk
00:00:37]} {[%emt 00:00:59]} 32. Qxg4 {[%clk 00:01:33]} {[%emt 00:00:19]} Qxg4
{[%clk 00:00:42]} {[%emt 00:00:25]} 33. hxg4 {[%clk 00:02:02]} {[%emt
00:00:01]} h3 {[%clk 00:00:56]} {[%emt 00:00:15]} 34. Bh1 {[%clk 00:02:04]}
{[%emt 00:00:29]} Rh4 {[%clk 00:00:37]} {[%emt 00:00:49]} 0-1

[Event "DVM U20 2023"]
[Site "Magdeburg GER"]
[Date "2023.12.27"]
[Round "1"]
[White "Gallasch, Jonas"]
[Black "Boissel, Kasimir"]
[Result "1-0"]
[Termination "normal"]
[Board "2.3"]
[WhiteTitle "FM"]
[WhiteElo "2304"]
[BlackElo "1819"]
[WhiteClock "00:20:00"]
[BlackClock "00:14:42"]
[WhiteTeam "SG Porz"]
[BlackTeam "SV Königsjäger Süd-West"]
[PlyCount "177"]
[WhiteFideId "16222474"]
[BlackFideId "16298209"]
[EventCountry "GER"]
[EventRounds "7"]
[EventType "team-swiss"]
[EventDate "2023.12.26"]

1. d4 {[%clk 01:30:56]} {[%emt 00:00:03]} d5 {[%clk 01:30:51]} {[%emt
00:00:10]} 2. c4 {[%clk 01:31:21]} {[%emt 00:00:05]} e6 {[%clk 01:31:17]}
{[%emt 00:00:04]} 3. Nf3 {[%clk 01:31:46]} {[%emt 00:00:05]} c6 {[%clk
01:31:26]} {[%emt 00:00:21]} 4. e3 {[%clk 01:32:11]} {[%emt 00:00:05]} Nf6
{[%clk 01:31:50]} {[%emt 00:00:06]} 5. b3 {[%clk 01:32:36]} {[%emt 00:00:04]}
Nbd7 {[%clk 01:32:15]} {[%emt 00:00:06]} 6. Bd3 {[%clk 01:32:57]} {[%emt
00:00:09]} Be7 {[%clk 01:32:38]} {[%emt 00:00:06]} 7. O-O {[%clk 01:33:21]}
{[%emt 00:00:08]} O-O {[%clk 01:32:53]} {[%emt 00:00:14]} 8. Bb2 {[%clk
01:33:48]} {[%emt 00:00:03]} b6 {[%clk 01:32:26]} {[%emt 00:00:57]} 9. Nc3
{[%clk 01:33:38]} {[%emt 00:00:39]} Bb7 {[%clk 01:31:38]} {[%emt 00:01:20]} 10.
Qe2 {[%clk 01:34:02]} {[%emt 00:00:05]} Rc8 {[%clk 01:27:53]} {[%emt 00:04:14]}
11. Rac1 {[%clk 01:30:59]} {[%emt 00:03:33]} dxc4 {[%clk 01:20:52]} {[%emt
00:07:33]} 12. Bxc4 {[%clk 01:29:23]} {[%emt 00:02:05]} c5 {[%clk 01:17:14]}
{[%emt 00:04:08]} 13. Rfd1 {[%clk 01:27:27]} {[%emt 00:02:24]} Qc7 {[%clk
01:11:20]} {[%emt 00:06:23]} 14. dxc5 {[%clk 01:16:36]} {[%emt 00:11:22]} Nxc5
{[%clk 00:41:58]} {[%emt 00:29:52]} 15. Nb5 {[%clk 01:11:54]} {[%emt 00:05:13]}
Qb8 {[%clk 00:42:09]} {[%emt 00:00:19]} 16. Be5 {[%clk 00:52:45]} {[%emt
00:19:38]} Qa8 {[%clk 00:42:24]} {[%emt 00:00:15]} 17. Nc7 {[%clk 00:51:40]}
{[%emt 00:01:35]} Bxf3 {[%clk 00:42:03]} {[%emt 00:00:51]} 18. gxf3 {[%clk
00:50:15]} {[%emt 00:01:55]} Qb7 {[%clk 00:39:23]} {[%emt 00:03:09]} 19. b4
{[%clk 00:48:15]} {[%emt 00:02:31]} Rxc7 {[%clk 00:37:36]} {[%emt 00:02:17]}
20. Bxc7 {[%clk 00:48:34]} {[%emt 00:00:11]} Qxc7 {[%clk 00:38:03]} {[%emt
00:00:02]} 21. bxc5 {[%clk 00:48:31]} {[%emt 00:00:33]} Bxc5 {[%clk 00:37:38]}
{[%emt 00:00:56]} 22. f4 {[%clk 00:48:01]} {[%emt 00:01:00]} Qc6 {[%clk
00:37:04]} {[%emt 00:01:03]} 23. Qf1 {[%clk 00:46:02]} {[%emt 00:02:29]} a5
{[%clk 00:32:20]} {[%emt 00:05:15]} 24. Qg2 {[%clk 00:44:19]} {[%emt 00:02:12]}
Qa4 {[%clk 00:29:16]} {[%emt 00:03:34]} 25. Bb3 {[%clk 00:43:06]} {[%emt
00:01:44]} Qb4 {[%clk 00:27:25]} {[%emt 00:02:21]} 26. Qc6 {[%clk 00:41:12]}
{[%emt 00:02:23]} Ng4 {[%clk 00:20:17]} {[%emt 00:07:38]} 27. Qa4 {[%clk
00:30:08]} {[%emt 00:11:34]} Qxa4 {[%clk 00:20:24]} {[%emt 00:00:24]} 28. Bxa4
{[%clk 00:30:31]} {[%emt 00:00:06]} Nxe3 {[%clk 00:20:44]} {[%emt 00:00:10]}
29. fxe3 {[%clk 00:30:50]} {[%emt 00:00:11]} Bxe3+ {[%clk 00:21:09]} {[%emt
00:00:05]} 30. Kf1 {[%clk 00:29:03]} {[%emt 00:02:17]} Bxc1 {[%clk 00:21:30]}
{[%emt 00:00:08]} 31. Rxc1 {[%clk 00:29:32]} {[%emt 00:00:02]} g6 {[%clk
00:21:24]} {[%emt 00:00:36]} 32. Ke2 {[%clk 00:22:00]} {[%emt 00:08:01]} Kg7
{[%clk 00:20:07]} {[%emt 00:01:48]} 33. Rc6 {[%clk 00:15:10]} {[%emt 00:07:20]}
Rb8 {[%clk 00:20:21]} {[%emt 00:00:16]} 34. Bb5 {[%clk 00:14:44]} {[%emt
00:00:57]} Kf6 {[%clk 00:20:42]} {[%emt 00:00:08]} 35. Ke3 {[%clk 00:14:00]}
{[%emt 00:01:15]} h6 {[%clk 00:20:51]} {[%emt 00:00:20]} 36. Ke4 {[%clk
00:13:13]} {[%emt 00:01:16]} g5 {[%clk 00:19:32]} {[%emt 00:01:50]} 37. f5
{[%clk 00:12:47]} {[%emt 00:00:57]} g4 {[%clk 00:14:39]} {[%emt 00:05:24]} 38.
fxe6 {[%clk 00:10:30]} {[%emt 00:02:46]} fxe6 {[%clk 00:14:29]} {[%emt
00:00:40]} 39. Kf4 {[%clk 00:10:51]} {[%emt 00:00:09]} Rd8 {[%clk 00:12:22]}
{[%emt 00:02:37]} 40. Bc4 {[%clk 00:07:23]} {[%emt 00:03:57]} Rd4+ {[%clk
00:12:38]} {[%emt 00:00:14]} 41. Ke3 {[%clk 00:07:46]} {[%emt 00:00:07]} Rd1
{[%clk 00:11:49]} {[%emt 00:01:18]} 42. Rxb6 {[%clk 00:06:42]} {[%emt
00:01:36]} Kg5 {[%clk 00:04:28]} {[%emt 00:07:51]} 43. Bxe6 {[%clk 00:04:12]}
{[%emt 00:03:00]} Rh1 {[%clk 00:04:23]} {[%emt 00:00:32]} 44. Rb2 {[%clk
00:04:09]} {[%emt 00:00:35]} h5 {[%clk 00:02:28]} {[%emt 00:02:25]} 45. Bd5
{[%clk 00:03:21]} {[%emt 00:01:18]} Re1+ {[%clk 00:30:01]} {[%emt 00:02:58]}
46. Kf2 {[%clk 00:31:35]} {[%emt 00:02:16]} Rc1 {[%clk 00:29:16]} {[%emt
00:01:14]} 47. Bb3 {[%clk 00:29:35]} {[%emt 00:02:30]} Kh4 {[%clk 00:23:41]}
{[%emt 00:06:05]} 48. Kg2 {[%clk 00:29:15]} {[%emt 00:00:50]} Re1 {[%clk
00:21:03]} {[%emt 00:03:09]} 49. Rc2 {[%clk 00:27:39]} {[%emt 00:02:05]} Re5
{[%clk 00:20:34]} {[%emt 00:00:59]} 50. Rd2 {[%clk 00:26:40]} {[%emt 00:01:29]}
Re4 {[%clk 00:20:10]} {[%emt 00:00:54]} 51. Bf7 {[%clk 00:21:55]} {[%emt
00:05:14]} Re7 {[%clk 00:19:58]} {[%emt 00:00:43]} 52. Bc4 {[%clk 00:20:55]}
{[%emt 00:01:30]} Re4 {[%clk 00:20:01]} {[%emt 00:00:27]} 53. Bb5 {[%clk
00:20:29]} {[%emt 00:00:56]} Re5 {[%clk 00:20:15]} {[%emt 00:00:17]} 54. a4
{[%clk 00:20:31]} {[%emt 00:00:28]} Rc5 {[%clk 00:20:30]} {[%emt 00:00:15]} 55.
Bd7 {[%clk 00:16:52]} {[%emt 00:04:08]} Re5 {[%clk 00:20:22]} {[%emt 00:00:38]}
56. h3 {[%clk 00:16:25]} {[%emt 00:00:57]} Rc5 {[%clk 00:19:46]} {[%emt
00:01:06]} 57. hxg4 {[%clk 00:15:50]} {[%emt 00:01:06]} hxg4 {[%clk 00:20:15]}
{[%emt 00:00:01]} 58. Rd4 {[%clk 00:15:51]} {[%emt 00:00:29]} Rc2+ {[%clk
00:17:43]} {[%emt 00:03:02]} 59. Kf1 {[%clk 00:14:39]} {[%emt 00:01:40]} Kg3
{[%clk 00:17:29]} {[%emt 00:00:45]} 60. Bxg4 {[%clk 00:14:46]} {[%emt
00:00:23]} Rb2 {[%clk 00:15:43]} {[%emt 00:02:15]} 61. Be2 {[%clk 00:13:07]}
{[%emt 00:02:09]} Rb1+ {[%clk 00:15:01]} {[%emt 00:01:12]} 62. Rd1 {[%clk
00:13:13]} {[%emt 00:00:24]} Rb4 {[%clk 00:15:11]} {[%emt 00:00:19]} 63. Bb5
{[%clk 00:12:33]} {[%emt 00:01:10]} Rb2 {[%clk 00:14:48]} {[%emt 00:00:54]} 64.
Rd8 {[%clk 00:12:50]} {[%emt 00:00:13]} Kf3 {[%clk 00:14:48]} {[%emt 00:00:29]}
65. Ke1 {[%clk 00:13:10]} {[%emt 00:00:08]} Ke3 {[%clk 00:14:49]} {[%emt
00:00:30]} 66. Kd1 {[%clk 00:13:35]} {[%emt 00:00:05]} Rh2 {[%clk 00:14:40]}
{[%emt 00:00:39]} 67. Ra8 {[%clk 00:13:57]} {[%emt 00:00:07]} Kd4 {[%clk
00:14:56]} {[%emt 00:00:14]} 68. Rxa5 {[%clk 00:14:11]} {[%emt 00:00:17]} Kc5
{[%clk 00:14:53]} {[%emt 00:00:33]} 69. Ra8 {[%clk 00:14:15]} {[%emt 00:00:26]}
Kb6 {[%clk 00:14:28]} {[%emt 00:00:55]} 70. Rd8 {[%clk 00:14:22]} {[%emt
00:00:21]} Kc7 {[%clk 00:13:31]} {[%emt 00:01:28]} 71. Rd2 {[%clk 00:14:45]}
{[%emt 00:00:08]} Rh3 {[%clk 00:13:48]} {[%emt 00:00:12]} 72. Kc2 {[%clk
00:15:10]} {[%emt 00:00:06]} Kb6 {[%clk 00:14:12]} {[%emt 00:00:06]} 73. Rd3
{[%clk 00:15:35]} {[%emt 00:00:04]} Rh2+ {[%clk 00:14:27]} {[%emt 00:00:16]}
74. Kb3 {[%clk 00:15:51]} {[%emt 00:00:13]} Rh6 {[%clk 00:14:42]} {[%emt
00:00:14]} 75. Kb4 {[%clk 00:16:14]} {[%emt 00:00:09]} Rh4+ {[%clk 00:14:34]}
{[%emt 00:00:37]} 76. Bc4 {[%clk 00:16:39]} {[%emt 00:00:06]} Rh7 {[%clk
00:14:47]} {[%emt 00:00:17]} 77. Rd6+ {[%clk 00:17:03]} {[%emt 00:00:05]} Kc7
{[%clk 00:14:53]} {[%emt 00:00:24]} 78. Rf6 {[%clk 00:17:30]} {[%emt 00:00:03]}
Rh5 {[%clk 00:15:00]} {[%emt 00:00:23]} 79. Bb5 {[%clk 00:17:39]} {[%emt
00:00:22]} Kb7 {[%clk 00:15:07]} {[%emt 00:00:22]} 80. Rf7+ {[%clk 00:18:04]}
{[%emt 00:00:06]} Kb8 {[%clk 00:15:23]} {[%emt 00:00:11]} 81. Ka5 {[%clk
00:18:21]} {[%emt 00:00:15]} Rh6 {[%clk 00:15:20]} {[%emt 00:00:33]} 82. Re7
{[%clk 00:18:28]} {[%emt 00:00:23]} Rf6 {[%clk 00:15:31]} {[%emt 00:00:18]} 83.
Bc4 {[%clk 00:18:42]} {[%emt 00:00:16]} Rf4 {[%clk 00:15:30]} {[%emt 00:00:31]}
84. Kb5 {[%clk 00:18:42]} {[%emt 00:00:29]} Rf5+ {[%clk 00:14:30]} {[%emt
00:01:31]} 85. Kb6 {[%clk 00:19:04]} {[%emt 00:00:07]} Rf8 {[%clk 00:14:13]}
{[%emt 00:00:47]} 86. Bb5 {[%clk 00:19:04]} {[%emt 00:00:30]} Rf6+ {[%clk
00:14:15]} {[%emt 00:00:28]} 87. Bc6 {[%clk 00:19:29]} {[%emt 00:00:05]} Rf8
{[%clk 00:14:34]} {[%emt 00:00:11]} 88. Ra7 {[%clk 00:19:34]} {[%emt 00:00:25]}
Rf1 {[%clk 00:14:42]} {[%emt 00:00:23]} 89. Ra8# {[%clk 00:20:00]} {[%emt
00:00:02]} 1-0

[Event "DVM U20 2023"]
[Site "Magdeburg GER"]
[Date "2023.12.27"]
[Round "1"]
[White "Jäger, Matti"]
[Black "Gluma, Christian"]
[Result "0-1"]
[Termination "normal"]
[Board "2.4"]
[WhiteElo "1914"]
[BlackElo "2245"]
[WhiteClock "01:30:22"]
[BlackClock "01:30:05"]
[WhiteTeam "SV Königsjäger Süd-West"]
[BlackTeam "SG Porz"]
[PlyCount "36"]
[WhiteFideId "34631542"]
[BlackFideId "16223209"]
[EventCountry "GER"]
[EventRounds "7"]
[EventType "team-swiss"]
[EventDate "2023.12.26"]

1. e4 {[%clk 01:30:56]} g6 {[%clk 01:30:30]} 2. d4 {[%clk 01:30:56]} Bg7 {[%clk
01:31:19]} {[%emt 14:54:02]} 3. Nf3 {[%clk 01:31:36]} c6 {[%clk 01:31:38]}
{[%emt 00:00:23]} 4. h3 {[%clk 01:31:53]} d5 {[%clk 01:31:38]} 5. e5 {[%clk
01:31:53]} f6 {[%clk 01:31:52]} {[%emt 00:01:08]} 6. Bf4 {[%clk 01:32:38]} Nh6
{[%clk 01:31:32]} {[%emt 00:00:56]} 7. Bd3 {[%clk 01:31:36]} O-O {[%clk
01:29:47]} {[%emt 00:03:46]} 8. Qd2 {[%clk 01:30:33]} Nf7 {[%clk 01:30:05]}
{[%emt 00:01:47]} 9. exf6 {[%clk 01:30:22]} Bxf6 {[%clk 01:30:05]} 10. c3
{[%clk 01:30:22]} Nd7 {[%clk 01:30:05]} 11. O-O {[%clk 01:30:22]} e5 {[%clk
01:30:05]} 12. dxe5 {[%clk 01:30:22]} Ndxe5 {[%clk 01:30:05]} 13. Be2 {[%clk
01:30:22]} Nxf3+ {[%clk 01:30:05]} 14. Bxf3 {[%clk 01:30:22]} Ng5 {[%clk
01:30:05]} 15. Bxg5 {[%clk 01:30:22]} Bxg5 {[%clk 01:30:05]} 16. Qd1 {[%clk
01:30:22]} h5 {[%clk 01:30:05]} 17. Nd2 {[%clk 01:30:22]} Bf4 {[%clk 01:30:05]}
18. Re1 {[%clk 01:30:22]} Bc7 {[%clk 01:30:05]} 0-1

[Event "DVM U20 2023"]
[Site "Magdeburg GER"]
[Date "2023.12.27"]
[Round "1"]
[White "Liu, Jonas"]
[Black "Gallasch, Robin"]
[Result "1-0"]
[Termination "normal"]
[Board "2.6"]
[WhiteElo "1761"]
[BlackElo "2087"]
[WhiteClock "00:01:16"]
[BlackClock "00:00:43"]
[WhiteTeam "SV Königsjäger Süd-West"]
[BlackTeam "SG Porz"]
[PlyCount "79"]
[WhiteFideId "34633960"]
[BlackFideId "16222423"]
[EventCountry "GER"]
[EventRounds "7"]
[EventType "team-swiss"]
[EventDate "2023.12.26"]

1. e4 {[%clk 01:30:30]} {[%emt 00:22:23]} c5 {[%clk 01:30:30]} {[%emt
00:00:17]} 2. Nf3 {[%clk 01:30:30]} {[%emt 00:00:33]} d6 {[%clk 01:30:30]}
{[%emt 00:00:05]} 3. c4 {[%clk 01:30:30]} {[%emt 00:01:18]} e5 {[%clk
01:30:30]} {[%emt 00:02:37]} 4. Nc3 {[%clk 01:30:51]} {[%emt 00:02:50]} Nc6
{[%clk 01:24:51]} {[%emt 00:06:09]} 5. h3 {[%clk 01:28:11]} {[%emt 00:03:12]}
h6 {[%clk 01:22:24]} {[%emt 00:02:56]} 6. d3 {[%clk 01:27:18]} {[%emt
00:01:24]} g6 {[%clk 01:20:51]} {[%emt 00:02:02]} 7. g3 {[%clk 01:22:04]}
{[%emt 00:05:45]} Bg7 {[%clk 01:19:32]} {[%emt 00:01:50]} 8. Bg2 {[%clk
01:22:01]} {[%emt 00:00:33]} Nge7 {[%clk 01:19:50]} {[%emt 00:00:10]} 9. Be3
{[%clk 01:18:05]} {[%emt 00:04:27]} O-O {[%clk 01:19:08]} {[%emt 00:01:12]} 10.
O-O {[%clk 01:07:00]} {[%emt 00:11:36]} f5 {[%clk 01:07:05]} {[%emt 00:12:32]}
11. Qd2 {[%clk 01:01:27]} {[%emt 00:06:03]} g5 {[%clk 00:58:51]} {[%emt
00:08:45]} 12. exf5 {[%clk 00:58:06]} {[%emt 00:03:52]} Bxf5 {[%clk 00:57:58]}
{[%emt 00:01:22]} 13. Kh2 {[%clk 00:52:52]} {[%emt 00:05:45]} Qe8 {[%clk
00:48:36]} {[%emt 00:09:52]} 14. Ne1 {[%clk 00:46:37]} {[%emt 00:06:45]} Qh5
{[%clk 00:33:23]} {[%emt 00:15:43]} 15. f3 {[%clk 00:36:18]} {[%emt 00:10:50]}
Be6 {[%clk 00:28:30]} {[%emt 00:05:21]} 16. Qd1 {[%clk 00:28:31]} {[%emt
00:08:18]} Nf5 {[%clk 00:23:34]} {[%emt 00:05:26]} 17. Bd2 {[%clk 00:24:25]}
{[%emt 00:04:35]} Qg6 {[%clk 00:19:46]} {[%emt 00:04:19]} 18. Rc1 {[%clk
00:18:01]} {[%emt 00:06:55]} Ncd4 {[%clk 00:17:00]} {[%emt 00:03:16]} 19. Ne4
{[%clk 00:16:56]} {[%emt 00:01:34]} Rad8 {[%clk 00:16:20]} {[%emt 00:01:09]}
20. Rg1 {[%clk 00:13:39]} {[%emt 00:03:49]} Kh7 {[%clk 00:12:49]} {[%emt
00:04:02]} 21. f4 {[%clk 00:11:53]} {[%emt 00:02:16]} exf4 {[%clk 00:05:17]}
{[%emt 00:08:02]} 22. gxf4 {[%clk 00:11:48]} {[%emt 00:00:33]} gxf4 {[%clk
00:04:56]} {[%emt 00:00:52]} 23. Bxf4 {[%clk 00:09:29]} {[%emt 00:02:48]} Be5
{[%clk 00:02:49]} {[%emt 00:02:38]} 24. Bxe5 dxe5 {[%clk 00:03:18]} 25. Bf3
{[%clk 00:07:23]} {[%emt 00:00:39]} Qe8 {[%clk 00:01:32]} {[%emt 00:02:15]} 26.
Bh5 {[%clk 00:05:59]} {[%emt 00:01:54]} Qe7 {[%clk 00:01:41]} {[%emt 00:00:21]}
27. Qd2 {[%clk 00:05:15]} {[%emt 00:01:16]} Rg8 {[%clk 00:01:38]} {[%emt
00:00:32]} 28. Nf3 {[%clk 00:05:04]} {[%emt 00:00:42]} Nxf3+ {[%clk 00:01:24]}
{[%emt 00:00:43]} 29. Bxf3 {[%clk 00:05:33]} {[%emt 00:00:01]} Nd4 {[%clk
00:00:58]} {[%emt 00:00:57]} 30. Bg2 {[%clk 00:05:03]} {[%emt 00:01:00]} Bf5
{[%clk 00:00:38]} {[%emt 00:00:50]} 31. Rcf1 {[%clk 00:05:16]} {[%emt
00:00:16]} Rdf8 {[%clk 00:00:57]} {[%emt 00:00:11]} 32. Ng3 {[%clk 00:03:54]}
{[%emt 00:01:52]} Bg6 {[%clk 00:00:55]} {[%emt 00:00:32]} 33. Ne4 {[%clk
00:04:11]} {[%emt 00:00:13]} b6 {[%clk 00:00:37]} {[%emt 00:00:48]} 34. Nc3
{[%clk 00:04:31]} {[%emt 00:00:09]} Qh4 {[%clk 00:00:50]} {[%emt 00:00:17]} 35.
Nd5 {[%clk 00:04:17]} {[%emt 00:00:45]} Bf5 {[%clk 00:00:57]} {[%emt 00:00:22]}
36. Qe3 {[%clk 00:04:09]} {[%emt 00:00:39]} Rg5 {[%clk 00:00:36]} {[%emt
00:00:51]} 37. Ne7 {[%clk 00:01:56]} {[%emt 00:02:43]} Ne2 {[%emt 00:00:36]}
38. Nxf5 {[%clk 00:01:26]} {[%emt 00:00:57]} Rfxf5 {[%clk 00:00:34]} {[%emt
00:00:29]} 39. Rxf5 {[%clk 00:01:44]} {[%emt 00:00:12]} Nxg1 {[%clk 00:00:43]}
{[%emt 00:00:22]} 40. Rxg5 {[%clk 00:01:16]} {[%emt 00:00:58]} 1-0